| 000 | 00613nam a2200217Ii 4500 | ||
|---|---|---|---|
| 003 | JO-AjNU | ||
| 008 | 230606s9999||||xx |||||||||||||| ||und|| | ||
| 020 | _a007-125591-2 | ||
| 040 |
_aJO-AjNU _beng _erda _cJO-AjNU |
||
| 041 | _aeng | ||
| 050 | 1 | 4 | _aQA76.9.C65.L38.2007 |
| 100 | 3 |
_aLaw,Averill, _eauthor _9899 |
|
| 245 | 0 | 0 | _aSimulation Modeling Analysis |
| 250 | _a4 ed | ||
| 264 | 3 | 1 | _aMCGRAW-HILL HIGHER EducaTION:London.2007 |
| 300 | _a766p | ||
| 336 |
_atext _btxt _2rdacontent |
||
| 337 |
_aunmediated _bn _2rdamedia |
||
| 338 |
_avolume _bnc _2rdacarrier |
||
| 650 | 4 |
_aSimulation Modeling Analysis _9900 |
|
| 999 |
_aE474 _c474 _d474 |
||